Interní koučink snižuje náklady

Charakteristika a využitie interného koučovania. Samohodnotenie výsledkov organizácie. Tvrdé meradlo pri výbere kouč. Výhoda podrobných znalostí interných koučov.

Salvato in:
Dettagli Bibliografici
Natura: Capitolo di libro
Lingua:ceco
Soggetti:
Tags: Aggiungi Tag
Nessun Tag, puoi essere il primo ad aggiungerne!!

MARC

LEADER 00000naa$a2200000$$$4500
001 0053610
005 20231019113940.4
041 0 |a cze 
044 |a CZ 
245 1 0 |a Interní koučink snižuje náklady 
520 |a Charakteristika a využitie interného koučovania. Samohodnotenie výsledkov organizácie. Tvrdé meradlo pri výbere kouč. Výhoda podrobných znalostí interných koučov. 
610 2 0 |a koučovanie 
610 2 0 |a náklady 
610 2 0 |a znižovanie nákladov 
610 2 0 |a organizácia 
610 2 0 |a firmy